| 000 | 00563nam a2200181zi 4500 | ||
|---|---|---|---|
| 999 |
_c22622 _d50620 |
||
| 005 | 20171121044910.0 | ||
| 020 | _a978-0-12-374117-2 | ||
| 037 |
_aBC_681 78/A-B _faut |
||
| 040 |
_aBC-ENSA _bfre |
||
| 041 | _aang | ||
| 100 | _aWOJTKOWSKI, Paul | ||
| 245 |
_aAgroecological economics _bsustainability and biodiversity |
||
| 260 |
_aAmsterdam _bElsevier _c2008 |
||
| 300 |
_a293 p. _bcouv ill. en coul. _c26 cm |
||
| 562 | _e02 exemplaires | ||
| 942 | _c09 | ||
| 653 | _aAGRICULTURE/ECOLOGIE/BIODIVERSITE/ANALYSE ECONOMIQUE/GENETIQUE/MICROORGANISME | ||